Family Guy Quiz Stats

 Plays Quiz not verified by Sporcle

Score 0/15 Timer 06:00
0 Plays Today
Question Answer % Correct
What Griffin joins Brian when he re- enrolls in college?Stewie
88.1%
What sort of restaurant does Cleveland own?A Deli
69.2%
Which Sesame Street character can be seen relapsing in rehab?The Cookie Monster
64.3%
What does Peter attract when he uses TAG body spray?Sick Cats
40.6%
What song does Peter sing to Cleveland after Loretta kicks him out?Rock Lobster
38.5%
At Mr. Weeds funeral, Peter implies that Jusus is what superhuman character?The Hulk
34.3%
What is Lois' brother name?Patrick
32.9%
What color is the Griffins' couch?Purple
32.2%
Question Answer % Correct
What is the name of Chris' evil zit?Doug
30.1%
What is the name of the Vaudeville Guy who plays the piano?Johnny
30.1%
Whom do Tom and Diane eat after the nuclear apocalypse?Tricia Takanawa
25.2%
Who is Stewie parodying when he sings Rocketman?William Shatner
19.6%
Where does Mort Goldman work?Goldman Pharmacy
10.5%
Where does Peter first meet Quagmire?On a Navy Ship
2.1%
After Peter and the guys form a band, where is their first gig?Rhode Island State Penitentiary
1.4%

You're not logged in!

Compare scores with friends on all Sporcle quizzes.
OR
Log In

Show Comments

Extras

Created Nov 11, 2010ReportNominate
Tags:family, guy

Top Quizzes Today


Score Distribution

Your Account Isn't Verified!

In order to create a playlist on Sporcle, you need to verify the email address you used during registration. Go to your Sporcle Settings to finish the process.

Report this User

Report this user for behavior that violates our Community Guidelines.

Details: